Countries of South of Russia with an Empty Map - Statistics

General Stats
  • This quiz has been taken 28 times
  • The average score is 40 of 48
Answers on the Map
Answers color-coded by a green-red scale on the quiz's map according to % correct below.
 
Answer Stats
Country % Correct
China
92%
Iraq
92%
Mongolia
92%
Afghanistan
88%
Georgia
88%
India
88%
Iran
88%
Kazakhstan
88%
Laos
88%
North Korea
88%
Pakistan
88%
Saudi Arabia
88%
South Korea
88%
United Arab Emirates
88%
Vietnam
88%
Armenia
83%
Azerbaijan
83%
Bahrain
83%
Bangladesh
83%
Cambodia
83%
Indonesia
83%
Japan
83%
Kuwait
83%
Malaysia
83%
Oman
83%
Philippines
83%
Qatar
83%
Sri Lanka
83%
Syria
83%
Tajikistan
83%
Thailand
83%
Turkey
83%
Uzbekistan
83%
Bhutan
79%
Brunei
79%
Israel
79%
Jordan
79%
Kyrgyzstan
79%
Lebanon
79%
Maldives
79%
Myanmar
79%
Nepal
79%
Taiwan
79%
Turkmenistan
79%
Yemen
79%
Cyprus
75%
Singapore
75%
East Timor
67%
No matching quizzes found
Score Distribution
Percent of People with Each Score
Percentile by Number Answered
Your Score History
You have not taken this quiz